|
|
|
|
| LEADER |
01221nam a2200301 a 4500 |
| 001 |
GR-Patra13776 |
| 008 |
980311s1998 enk b g b 001 b eng d |
| 020 |
|
|
|a 0521637678
|
| 040 |
|
|
|a GrPaTEI
|b gre
|c GR-PaULI
|
| 040 |
|
|
|a GrPaTEI
|b gre
|c GR-PaULI
|
| 040 |
|
|
|a GrPaTEI
|b gre
|c GR-PaULI
|
| 082 |
|
0 |
|a 333.79
|2 21
|
| 100 |
1 |
|
|a GROSSMAN, PETER Z.
|
| 245 |
1 |
0 |
|a Introduction to energy :
|b resources, technology, and society /
|c Edward S. Cassedy and Peter Z. Grossman.
|
| 250 |
|
|
|a 2nd ed.
|
| 260 |
|
|
|a Cambridge, UK :
|b Cambridge University Press,
|c c1998
|
| 300 |
|
|
|a x, 427 σ. :
|b εικ.
|
| 504 |
|
|
|a Περιλαμβάνει βιβλιογραφικές παραπομπές
|
| 650 |
|
0 |
|a Power (Mechanics)
|
| 650 |
|
0 |
|a Power resources
|
| 650 |
|
4 |
|a ΑΝΑΝΕΩΣΙΜΕΣ ΠΗΓΕΣ ΕΝΕΡΓΕΙΑΣ
|
| 650 |
|
4 |
|a ΑΤΟΜΙΚΗ ΕΝΕΡΓΕΙΑ
|
| 650 |
|
4 |
|a ΗΛΕΚΤΡΙΚΗ ΕΝΕΡΓΕΙΑ
|
| 700 |
1 |
|
|a CASSEDY, EDWARD S.
|
| 942 |
|
|
|2 ddc
|
| 952 |
|
|
|0 0
|1 0
|2 ddc
|4 0
|6 333_790000000000000_CAS
|7 0
|9 292814
|a LISK
|b LISK
|c BSC
|d 2021-01-17
|e 24
|f 0
|g 0.00
|l 0
|o 333.79 CAS
|p 92410014765
|r 2021-01-17 00:00:00
|t 1
|w 2021-01-17
|y BK15
|x 20001020 0 1
|x GrPaTEI
|
| 971 |
|
|
|a .b26612914
|b 15-04-20
|c 23-09-16
|
| 999 |
|
|
|c 171140
|d 171140
|